Basic epidemiology (Registro nro. 2037)
[ vista simple ]
| 000 -LEADER | |
|---|---|
| fixed length control field | 00795nam a2200277 a 4500 |
| 003 - CONTROL NUMBER IDENTIFIER | |
| control field | OSt |
| 005 - FECHA ULTIMA MODIFICACION | |
| control field | 20131107152028.0 |
| 008 - FIXED-LENGTH DATA ELEMENTS--GENERAL INFORMATION | |
| fixed length control field | 131107s2006 sz ||||| |||| 00| 0 eng d |
| 020 ## - INTERNATIONAL STANDARD BOOK NUMBER | |
| International Standard Book Number | 92-4-154707-3 |
| 040 ## - CATALOGING SOURCE | |
| Transcribing agency | Biblioteca Medicina |
| 041 ## - LANGUAGE CODE | |
| Language code of text/sound track or separate title | eng |
| 082 ## - DEWEY DECIMAL CLASSIFICATION NUMBER | |
| Classification number | OMS WA 105 |
| 100 1# - MAIN ENTRY--PERSONAL NAME | |
| Personal name | Bonita, R. |
| 9 (RLIN) | 2824 |
| 110 ## - MAIN ENTRY--CORPORATE NAME | |
| Corporate name or jurisdiction name as entry element | Organizacion Mundial de la Salud |
| 9 (RLIN) | 1006 |
| 245 00 - TITLE STATEMENT | |
| Title | Basic epidemiology |
| 250 ## - EDITION STATEMENT | |
| Edition statement | 2° ed. |
| 260 ## - PUBLICATION, DISTRIBUTION, ETC. (IMPRINT) | |
| Place of publication, distribution, etc | Ginebra |
| Name of publisher, distributor, etc | Organizacion Mundial de la Salud |
| Date of publication, distribution, etc | 2006 |
| 300 ## - PHYSICAL DESCRIPTION | |
| Extent | 213 p. |
| 546 ## - LANGUAGE NOTE | |
| Language note | Texto en ingles |
| 653 ## - INDEX TERM--UNCONTROLLED | |
| Uncontrolled term | EPIDEMIOLOGIA |
| 653 ## - INDEX TERM--UNCONTROLLED | |
| Uncontrolled term | MANUALES |
| 700 10 - ADDED ENTRY--PERSONAL NAME | |
| Personal name | Beaglehole, R. |
| 9 (RLIN) | 2823 |
| 700 10 - ADDED ENTRY--PERSONAL NAME | |
| Personal name | Kjellstrom, T. |
| 9 (RLIN) | 2826 |
| 942 ## - ADDED ENTRY ELEMENTS (KOHA) | |
| Source of classification or shelving scheme | Dewey Decimal Classification |
| Koha item type | Hemeroteca |
| Withdrawn status | Lost status | Fuente de clasificación | Damaged status | Not for loan | Colección | Ubicación permanente | Ubicación actual | Sala de ubicación | Fecha de adquisición | Total Checkouts | Número de clasificación | Código de barras | Date last seen | Número de ejemplar | Price effective from | Koha tipo de elemento (item) | Public note | Coded location qualifier |
|---|---|---|---|---|---|---|---|---|---|---|---|---|---|---|---|---|---|---|
| Dewey Decimal Classification | Non-fiction | Biblioteca Medicina | Biblioteca Medicina | Circulación | 07/11/2013 | OMS WA 105 | H0283 | 06/11/2014 | Ej. 1 | 07/11/2013 | Hemeroteca | Archivo caja 35 |